<?xml version="1.0" encoding="UTF-8"?>
<record
    xmlns:xsi="http://www.w3.org/2001/XMLSchema-instance"
    xsi:schemaLocation="http://www.loc.gov/MARC21/slim http://www.loc.gov/standards/marcxml/schema/MARC21slim.xsd"
    xmlns="http://www.loc.gov/MARC21/slim">

  <leader>02289nam a2200325 u 4500</leader>
  <controlfield tag="001">4004</controlfield>
  <controlfield tag="005">20260428104353.0</controlfield>
  <controlfield tag="008">950829s1994                        spa  </controlfield>
  <datafield tag="020" ind1=" " ind2=" ">
    <subfield code="a">9586001954</subfield>
  </datafield>
  <datafield tag="035" ind1=" " ind2=" ">
    <subfield code="a">4004</subfield>
  </datafield>
  <datafield tag="035" ind1=" " ind2=" ">
    <subfield code="a">(OCoLC)38825368</subfield>
  </datafield>
  <datafield tag="040" ind1=" " ind2=" ">
    <subfield code="c">comduadb</subfield>
  </datafield>
  <datafield tag="041" ind1=" " ind2=" ">
    <subfield code="a">spa</subfield>
  </datafield>
  <datafield tag="080" ind1=" " ind2=" ">
    <subfield code="a">C</subfield>
  </datafield>
  <datafield tag="082" ind1=" " ind2="4">
    <subfield code="a">657</subfield>
  </datafield>
  <datafield tag="100" ind1="1" ind2="0">
    <subfield code="a">Polimeni, Ralph S</subfield>
    <subfield code="4">aut</subfield>
    <subfield code="e">aut</subfield>
    <subfield code="9">262033</subfield>
  </datafield>
  <datafield tag="245" ind1="1" ind2="0">
    <subfield code="a">Contabilidad de costos : conceptos y aplicaciones para la toma de decisiones gerenciales</subfield>
  </datafield>
  <datafield tag="250" ind1=" " ind2=" ">
    <subfield code="a">3.ed.</subfield>
  </datafield>
  <datafield tag="260" ind1=" " ind2=" ">
    <subfield code="a">Bogot&#xE1; :</subfield>
    <subfield code="b">McGraw-Hill Interamericana,</subfield>
    <subfield code="c">1994.</subfield>
  </datafield>
  <datafield tag="300" ind1=" " ind2=" ">
    <subfield code="a">879 p&#xE1;ginas</subfield>
  </datafield>
  <datafield tag="500" ind1=" " ind2=" ">
    <subfield code="a">Donaci&#xF3;n: Francisco Le&#xF3;n Mar&#xED;n: Jul/95.</subfield>
  </datafield>
  <datafield tag="505" ind1=" " ind2=" ">
    <subfield code="a">CONTENIDO: 1. Naturaleza, conceptos y clasificaci&#xF3;n de la contabilidad de costos -- 2. Sistemas de acumulaci&#xF3;n de costos de producto, estados financieros e informes internos -- 3. Costeo y control de materiales y mano de obra -- 4. Costeo y control de costos indirectos de fabricaci&#xF3;n -- 5. Sistema de costeo por &#xF3;rdenes de trabajo -- 6. Costeo por procesos I: naturaleza y caracter&#xED;sticas -- 7. Costeo por procesos II: ampliaci&#xF3;n de conceptos -- 8. Costeo de productos conjuntos y subproductos -- 9. Presupuesto maestro -- 10. Costo est&#xE1;ndar I: establecimiento de est&#xE1;ndares -- 11. Costo est&#xE1;ndar II: c&#xE1;lculo y an&#xE1;lisis de variaciones -- 12. Costo est&#xE1;ndar III: asientos en el libro diario y disposici&#xF3;n de las variaciones -- 13. Costeo directo y por absorci&#xF3;n -- 14. Costos e ingresos relevantes en la toma de decisiones a corto plazo -- 15. An&#xE1;lisis del punto de equilibrio y an&#xE1;lisis de costo-volumen-utilidad -- 16. Presupuestaci&#xF3;n de capital -- 17. Operaciones descentralizadas y contabilidad por niveles de responsabilidad -- 18. Medici&#xF3;n del desempe&#xF1;o I: evaluaci&#xF3;n del desempe&#xF1;o por centro de responsabilidad -- 19. Medici&#xF3;n del desempe&#xF1;o II: an&#xE1;lisis de la utilidad bruta -- 20. Medici&#xF3;n del desempe&#xF1;o III: fijaci&#xF3;n de precios de transferencia.</subfield>
  </datafield>
  <datafield tag="650" ind1=" " ind2="7">
    <subfield code="a">Contabilidad</subfield>
    <subfield code="2">lemb</subfield>
    <subfield code="9">829</subfield>
  </datafield>
  <datafield tag="700" ind1="1" ind2="0">
    <subfield code="a">Kole, Michael A.</subfield>
    <subfield code="4">aut</subfield>
    <subfield code="e">aut</subfield>
    <subfield code="9">312476</subfield>
  </datafield>
  <datafield tag="700" ind1="1" ind2="0">
    <subfield code="a">Fabozzi, Frank J.</subfield>
    <subfield code="4">aut</subfield>
    <subfield code="e">aut</subfield>
    <subfield code="9">511579</subfield>
  </datafield>
  <datafield tag="700" ind1="1" ind2="0">
    <subfield code="a">Adelberg, Arthur H</subfield>
    <subfield code="4">aut</subfield>
    <subfield code="e">aut</subfield>
    <subfield code="9">262034</subfield>
  </datafield>
  <datafield tag="700" ind1="1" ind2="0">
    <subfield code="a">Rosas Lopetegui, Gloria Elizabeth</subfield>
    <subfield code="4">trl</subfield>
    <subfield code="e">trl</subfield>
    <subfield code="9">301165</subfield>
  </datafield>
  <datafield tag="700" ind1="1" ind2="0">
    <subfield code="a">Su&#xE1;rez R., Martha Edna</subfield>
    <subfield code="4">edt</subfield>
    <subfield code="e">edt</subfield>
    <subfield code="9">562370</subfield>
  </datafield>
  <datafield tag="942" ind1=" " ind2=" ">
    <subfield code="c">BOOK</subfield>
  </datafield>
  <datafield tag="999" ind1=" " ind2=" ">
    <subfield code="c">4266</subfield>
    <subfield code="d">4266</subfield>
  </datafield>
  <datafield tag="952" ind1=" " ind2=" ">
    <subfield code="0">0</subfield>
    <subfield code="1">0</subfield>
    <subfield code="4">0</subfield>
    <subfield code="7">0</subfield>
    <subfield code="8">GEN</subfield>
    <subfield code="a">BC</subfield>
    <subfield code="b">BC</subfield>
    <subfield code="d">1997-06-23</subfield>
    <subfield code="i">C4837</subfield>
    <subfield code="l">1</subfield>
    <subfield code="o">657.42 P768</subfield>
    <subfield code="p">61000000917043</subfield>
    <subfield code="r">2024-09-05 00:00:00</subfield>
    <subfield code="s">2024-05-22</subfield>
    <subfield code="t">1</subfield>
    <subfield code="w">2023-04-20</subfield>
    <subfield code="y">BOOK</subfield>
  </datafield>
  <datafield tag="952" ind1=" " ind2=" ">
    <subfield code="0">0</subfield>
    <subfield code="1">0</subfield>
    <subfield code="4">0</subfield>
    <subfield code="7">0</subfield>
    <subfield code="8">GEN</subfield>
    <subfield code="a">BC</subfield>
    <subfield code="b">BC</subfield>
    <subfield code="d">2000-10-05</subfield>
    <subfield code="e">Material adquirido por donaci&#xF3;n</subfield>
    <subfield code="i">C657270</subfield>
    <subfield code="l">0</subfield>
    <subfield code="o">657.42 P768 e2</subfield>
    <subfield code="p">61000003862055</subfield>
    <subfield code="r">2023-04-20 00:00:00</subfield>
    <subfield code="t">2</subfield>
    <subfield code="w">2023-04-20</subfield>
    <subfield code="y">BOOK</subfield>
  </datafield>
  <datafield tag="952" ind1=" " ind2=" ">
    <subfield code="0">0</subfield>
    <subfield code="1">0</subfield>
    <subfield code="4">0</subfield>
    <subfield code="7">0</subfield>
    <subfield code="8">GEN</subfield>
    <subfield code="a">BC</subfield>
    <subfield code="b">BC</subfield>
    <subfield code="d">2000-10-05</subfield>
    <subfield code="e">Material adquirido por donaci&#xF3;n</subfield>
    <subfield code="i">C657272</subfield>
    <subfield code="l">0</subfield>
    <subfield code="o">657.42 P768 e3</subfield>
    <subfield code="p">61000003862121</subfield>
    <subfield code="r">2023-04-20 00:00:00</subfield>
    <subfield code="t">3</subfield>
    <subfield code="w">2023-04-20</subfield>
    <subfield code="y">BOOK</subfield>
  </datafield>
  <datafield tag="952" ind1=" " ind2=" ">
    <subfield code="0">0</subfield>
    <subfield code="1">0</subfield>
    <subfield code="4">0</subfield>
    <subfield code="7">0</subfield>
    <subfield code="8">GEN</subfield>
    <subfield code="a">BC</subfield>
    <subfield code="b">BC</subfield>
    <subfield code="d">2000-10-05</subfield>
    <subfield code="e">Material adquirido por donaci&#xF3;n</subfield>
    <subfield code="i">C657274</subfield>
    <subfield code="l">0</subfield>
    <subfield code="o">657.42 P768 e4</subfield>
    <subfield code="p">61000003862113</subfield>
    <subfield code="r">2025-08-13 11:26:46</subfield>
    <subfield code="t">4</subfield>
    <subfield code="w">2023-04-20</subfield>
    <subfield code="y">BOOK</subfield>
  </datafield>
  <datafield tag="952" ind1=" " ind2=" ">
    <subfield code="0">0</subfield>
    <subfield code="1">0</subfield>
    <subfield code="4">0</subfield>
    <subfield code="7">0</subfield>
    <subfield code="8">SEMIACTIVA</subfield>
    <subfield code="a">BC</subfield>
    <subfield code="b">BC</subfield>
    <subfield code="d">2000-10-05</subfield>
    <subfield code="e">Material adquirido por donaci&#xF3;n</subfield>
    <subfield code="i">C657276</subfield>
    <subfield code="l">0</subfield>
    <subfield code="o">657.42 P768 e5</subfield>
    <subfield code="p">61000003862188</subfield>
    <subfield code="r">2023-04-20 00:00:00</subfield>
    <subfield code="t">5</subfield>
    <subfield code="w">2023-04-20</subfield>
    <subfield code="y">BOOK</subfield>
  </datafield>
  <datafield tag="952" ind1=" " ind2=" ">
    <subfield code="0">0</subfield>
    <subfield code="1">0</subfield>
    <subfield code="4">0</subfield>
    <subfield code="7">0</subfield>
    <subfield code="8">SEMIACTIVA</subfield>
    <subfield code="a">BC</subfield>
    <subfield code="b">BC</subfield>
    <subfield code="d">2000-10-17</subfield>
    <subfield code="e">Material adquirido por donaci&#xF3;n</subfield>
    <subfield code="i">C659030</subfield>
    <subfield code="l">0</subfield>
    <subfield code="o">657.42 P768 e6</subfield>
    <subfield code="p">61000003865058</subfield>
    <subfield code="r">2023-04-20 00:00:00</subfield>
    <subfield code="t">6</subfield>
    <subfield code="w">2023-04-20</subfield>
    <subfield code="y">BOOK</subfield>
  </datafield>
  <datafield tag="952" ind1=" " ind2=" ">
    <subfield code="0">0</subfield>
    <subfield code="1">0</subfield>
    <subfield code="4">0</subfield>
    <subfield code="7">0</subfield>
    <subfield code="8">GEN</subfield>
    <subfield code="a">BC</subfield>
    <subfield code="b">BC</subfield>
    <subfield code="d">2000-10-17</subfield>
    <subfield code="e">Material pagado con el mismo t&#xED;tulo</subfield>
    <subfield code="g">60000.00</subfield>
    <subfield code="i">C659032</subfield>
    <subfield code="l">1</subfield>
    <subfield code="o">657.42 P768 e7</subfield>
    <subfield code="p">1030650</subfield>
    <subfield code="r">2024-07-23 00:00:00</subfield>
    <subfield code="s">2024-07-15</subfield>
    <subfield code="t">7</subfield>
    <subfield code="w">2023-04-20</subfield>
    <subfield code="y">BOOK</subfield>
  </datafield>
  <datafield tag="952" ind1=" " ind2=" ">
    <subfield code="0">0</subfield>
    <subfield code="1">0</subfield>
    <subfield code="2">ddc</subfield>
    <subfield code="4">0</subfield>
    <subfield code="7">0</subfield>
    <subfield code="8">GENERAL</subfield>
    <subfield code="a">CARME</subfield>
    <subfield code="b">CARME</subfield>
    <subfield code="d">2000-10-17</subfield>
    <subfield code="e">Material adquirido por donaci&#xF3;n</subfield>
    <subfield code="f">DONA</subfield>
    <subfield code="g">38000.00</subfield>
    <subfield code="i">C659033</subfield>
    <subfield code="l">0</subfield>
    <subfield code="o">657.42 P768 e2</subfield>
    <subfield code="p">61000003864937</subfield>
    <subfield code="r">2023-04-20 00:00:00</subfield>
    <subfield code="t">8</subfield>
    <subfield code="w">2023-04-20</subfield>
    <subfield code="y">BOOK</subfield>
  </datafield>
  <datafield tag="952" ind1=" " ind2=" ">
    <subfield code="0">0</subfield>
    <subfield code="1">0</subfield>
    <subfield code="4">0</subfield>
    <subfield code="7">0</subfield>
    <subfield code="8">GEN</subfield>
    <subfield code="a">BC</subfield>
    <subfield code="b">BC</subfield>
    <subfield code="d">2005-03-18</subfield>
    <subfield code="e">CIS (Corporacion Interuniversitaria de Servicios)</subfield>
    <subfield code="g">140000.00</subfield>
    <subfield code="i">C859846</subfield>
    <subfield code="l">1</subfield>
    <subfield code="o">657.42 P768 e9</subfield>
    <subfield code="p">0550387</subfield>
    <subfield code="r">2025-01-30 00:00:00</subfield>
    <subfield code="s">2025-01-28</subfield>
    <subfield code="t">9</subfield>
    <subfield code="w">2023-04-20</subfield>
    <subfield code="y">BOOKR</subfield>
  </datafield>
  <datafield tag="952" ind1=" " ind2=" ">
    <subfield code="0">0</subfield>
    <subfield code="1">0</subfield>
    <subfield code="2">ddc</subfield>
    <subfield code="4">0</subfield>
    <subfield code="7">0</subfield>
    <subfield code="8">GENERAL</subfield>
    <subfield code="a">CARME</subfield>
    <subfield code="b">CARME</subfield>
    <subfield code="d">2007-11-28</subfield>
    <subfield code="e">McGraw Hill Interamericana</subfield>
    <subfield code="f">COMP</subfield>
    <subfield code="g">140000.00</subfield>
    <subfield code="i">C975023</subfield>
    <subfield code="l">0</subfield>
    <subfield code="o">657.42 P768</subfield>
    <subfield code="p">6-10000003266294</subfield>
    <subfield code="r">2023-04-20 00:00:00</subfield>
    <subfield code="t">10</subfield>
    <subfield code="w">2023-04-20</subfield>
    <subfield code="y">BOOKR</subfield>
  </datafield>
  <datafield tag="952" ind1=" " ind2=" ">
    <subfield code="0">0</subfield>
    <subfield code="1">0</subfield>
    <subfield code="4">0</subfield>
    <subfield code="7">0</subfield>
    <subfield code="8">GENERAL</subfield>
    <subfield code="a">CAUCA</subfield>
    <subfield code="b">CAUCA</subfield>
    <subfield code="d">2008-04-01</subfield>
    <subfield code="i">C994445</subfield>
    <subfield code="l">0</subfield>
    <subfield code="o">657.42 P768</subfield>
    <subfield code="p">6-10000003250496</subfield>
    <subfield code="r">2023-04-20 00:00:00</subfield>
    <subfield code="t">11</subfield>
    <subfield code="w">2023-04-20</subfield>
    <subfield code="y">BOOK</subfield>
  </datafield>
  <datafield tag="952" ind1=" " ind2=" ">
    <subfield code="0">0</subfield>
    <subfield code="1">0</subfield>
    <subfield code="4">0</subfield>
    <subfield code="7">0</subfield>
    <subfield code="8">GENERAL</subfield>
    <subfield code="a">BYARU</subfield>
    <subfield code="b">BYARU</subfield>
    <subfield code="d">2011-03-08</subfield>
    <subfield code="i">C1110650</subfield>
    <subfield code="l">0</subfield>
    <subfield code="o">657.42/P768</subfield>
    <subfield code="p">0697630</subfield>
    <subfield code="r">2023-04-20 00:00:00</subfield>
    <subfield code="t">12</subfield>
    <subfield code="w">2023-04-20</subfield>
    <subfield code="y">BOOK</subfield>
  </datafield>
  <datafield tag="952" ind1=" " ind2=" ">
    <subfield code="0">0</subfield>
    <subfield code="1">0</subfield>
    <subfield code="4">0</subfield>
    <subfield code="7">0</subfield>
    <subfield code="8">GENERAL</subfield>
    <subfield code="a">CENDI</subfield>
    <subfield code="b">CENDI</subfield>
    <subfield code="d">2013-03-01</subfield>
    <subfield code="i">C1168604</subfield>
    <subfield code="l">0</subfield>
    <subfield code="o">C 08233</subfield>
    <subfield code="p">787031</subfield>
    <subfield code="r">2025-01-29 00:00:00</subfield>
    <subfield code="t">13</subfield>
    <subfield code="w">2023-04-20</subfield>
    <subfield code="y">BOOK</subfield>
  </datafield>
</record>
